[Event "E World Cup"]
[Site "Khanty Mansiysk"]
[Date "2019.09.24"]
[Round "38.2"]
[White "Radjabov, Teimour"]
[Black "Xiong, Jeffery"]
[Result "1-0"]
[WhiteElo "2758"]
[BlackElo "2707"]
[EventDate "2019.??.??"]
[Annotator "Bojkov,Dejan"]
[PlyCount "71"]
[Beauty "7971861999165"]
[EventType "schev"]
[EventRounds "3"]
[EventCountry "RUS"]

1.d4 Nf6 2.c4 g6 3.Nc3 d5 4.cxd5 Nxd5 5.e4 Nxc3 6.bxc3 Bg7 7.Bb5+ c6 8.Ba4 O-O 9.Ne2 e5 10.O-O Nd7 11.Be3 Qe7 12.Bc2 ( {Another tabiya that has been heavily investigated runs} 12.d5 Rd8 13.c4 b5 14.d6 Qf6 15.cxb5 cxb5 16.Bxb5 Nb6 17.Bc5 Bf8 18.Qd3 Bxd6 19.Rad1 Bd7 20.Bxb6 axb6 21.Bxd7 Rxd7 {Gelfand,B (2692)-Piket,J (2633) Monte Carlo 2000} ) 12...Nb6 13.f4 $146 {"For sure I surprised him in the opening." (Radjabov)} ( {The predecessor saw Black doing fine after} 13.Qc1 Re8 14.Bg5 Qf8 15.Rb1 {Sorokin,V (2337)-Jansa,V (2482) Arvier 2006} ) 13...exd4 14.Bxd4 Rd8 ( {During the game White started to question his analysis. Especially in the main line he studied} 14...Bg4 15.Qe1 {an he was wondering what will happen after the natural} 15...Bxe2 ( {His main line ran instead:} 15...Rfd8 16.f5 ) 16.Qxe2 Bxd4+ {but finally assumed he should be slightly better after} 17.cxd4 c5 18.dxc5 Qxc5+ 19.Kh1 {(Radjabov)} ) 15.f5 Bxd4+ 16.cxd4 c5 17.Qd2 {At this point of the game the Azeri GM became overexcited. Without the fianchetto bishop he felt that everything should end with quick mate and went for} ( {Instead a more accurate approach is} 17.Qd3 $1 cxd4 18.fxg6 hxg6 19.Nf4 {would have led to a serious attack for White.} ) ( {Ditto for} 17.a4 $1 Nc4 18.Qd3 Ne5 19.Qg3 cxd4 20.Nf4 {White has time to bring more pieces into the attack whereas Black lacks air for his troops.} ) 17...Nc4 $1 {"I completely missed this. Probably it is a good move." (Radjabov)} ( {Instead he was hoping for} 17...cxd4 18.Bb3 gxf5 19.Ng3 {"followed by Ra1-e1 and everything is coming [at the black king]." (Radjabov)} ) 18.Qd3 {A practical choice.} ( {From afar White planned} 18.Qh6 {but here he saw} 18...Bxf5 $1 {and dismissed the whole line. Indeed, the variations show enough compensation for the material, but never a clear advantage, therefore White risks as much as his opponent:} 19.Rf4 ( {One point behind the knight's activation is seen in the line} 19.exf5 Qxe2 20.f6 Qe3+ ) 19...Rd6 {With the idea} 20.Rh4 $2 ( {Better is} 20.Ng3 Bd7 21.e5 Rxd4 22.Nh5 f5 23.exf6 Qf7 {when there is nothing decisive and White is down material.} ) 20...g5 $1 ) 18...Ne5 19.Qa3 Nc4 20.Qc3 ( {The computer claims that} 20.Qg3 {is more to the point, when} 20...cxd4 21.Nf4 b5 22.Nd5 ( 22.Rae1 Ne3 ) 22...Qe5 {allows Black a chance to stabilize the position, but White remains much more active.} ) 20...b5 {Xiong already believed he is better.} 21.f6 Qd6 22.d5 Re8 {The beginning of a wrong idea.} ( {After} 22...Ne5 23.Qd2 Re8 {the position remains extremely complicated and difficult for both players. Black always has to be wary of mating attacks against his king, whereas White always has to watch out for practically lost endgames.} ) 23.Bd3 Ne3 {Active, but at the same time the knight is not safe enough there.} ( {The time for do or die did not come yet. Xiong could have opted for} 23...Nb6 24.Bxb5 Rxe4 {instead.} ) 24.Bxb5 Rxe4 25.Ng3 Ng4 {Tactically defending the rook. However now Black has too many things to worry about.} 26.Rac1 ( 26.Nxe4 $4 Qxh2# ) 26...c4 ( {Here, the possible endgame is no longer favorable for Black. He cannot finish the development fast enough. For example:} 26...Rf4 27.Rxf4 Qxf4 28.Rf1 Qd4+ 29.Qxd4 cxd4 30.Bc6 Rb8 31.h3 Ne3 32.Rf4 d3 33.Re4 Bb7 34.Rxe3 Bxc6 35.Rxd3 {winning a pawn.} ) 27.h3 Bb7 ( {The last chance was the search of another endgame:} 27...Re3 $1 28.Qxc4 Nxf6 29.Qd4 Qxg3 30.Qxf6 Bf5 31.Bc4 Qe5 32.Qxe5 Rxe5 {and Black should survive.} ) 28.hxg4 Rxg4 ( {If} 28...Qc5+ 29.Rf2 Rf4 30.Rf1 Rxf2 31.Rxf2 Qxb5 32.Qe3 {the black king suffers on the dark squares.} ) 29.Bc6 $1 {Strong play by Radjabov. The fianchettoed bishop is a menace and should be neutralized.} ( {Lines like} 29.Ne2 $4 Qxd5 30.Rf2 Rxg2+ 31.Kf1 Rxf2+ 32.Kxf2 Qxb5 {are quite persuasive.} ) 29...Rxg3 30.Qxc4 Ba6 $5 {Xiong understands that something went terribly wrong for him and in the time-trouble tries his best to confuse his opponent.} ( {Otherwise White would enjoy a huge advantage in the endgame, without any counterplay:} 30...Rc8 31.Qf4 Qxf4 32.Rxf4 ) 31.Qf4 $1 {Another practical decision by White.} ( {He felt that he should win if he accepts the sacrifice, but could not see a clear way after} 31.Qxa6 Rh3 32.Qc4 Qh2+ 33.Kf2 Rb8 $1 {The path is indeed very narrow:} 34.Bb5 $3 {Threatening mate and shutting off the intruder. There are many checks but none of them promises Black salvation:} 34...h6 ( {Or} 34...Qg3+ 35.Ke2 Qe5+ 36.Kd1 ) 35.Qc7 $1 {Another key move.} 35...Rxb5 ( {Nothing changes} 35...Qxc7 36.Rxc7 Rh5 37.Bc4 ) 36.Qxh2 Rxh2 37.d6 {The d-passer should decide.} ) 31...Rd8 32.Rce1 $1 {Back-rank mate is threatened.} 32...Qc5+ ( 32...Bxf1 33.Qxd6 Rxd6 34.Re8# ) 33.Rf2 Rc3 34.Re7 {Both Qf4-h6 and Re7xf7 are on the agenda.} 34...Rc1+ {This loses at once.} ( {Black should have tried his last chance:} 34...Rc2 {with the idea} 35.Rxf7 ( {However, after} 35.Qe3 $1 Qxe3 36.Rxe3 {Black could have hardly survived.} ) 35...Rxf2 ( {But not} 35...Qxf2+ 36.Qxf2 Rxf2 37.Rg7+ Kf8 38.Kxf2 {which should win for White.} ) 36.Rg7+ Kh8 37.Qxf2 Qc1+ {with perpetual.} ) 35.Kh2 Rc3 36.Qh6 1-0

[Event "E World Cup"]
[Site "Khanty Mansiysk"]
[Date "2019.09.25"]
[Round "40.1"]
[White "Vachier Lagrave, Maxime"]
[Black "Aronian, Levon"]
[Result "1-0"]
[WhiteElo "2774"]
[BlackElo "2758"]
[EventDate "2019.??.??"]
[Annotator "Bojkov,Dejan"]
[PlyCount "105"]
[Beauty "6806315210784"]
[EventType "schev"]
[EventRounds "3"]
[EventCountry "RUS"]

1.e4 e5 2.Nf3 Nc6 3.Bc4 {Two years back Lady Luck versed the two great players and friends in a battle not only for the World Cup final, but for the Candidates' spot as well. Back then Aronian won a tense armageddon game which he could have easily lost.} 3...Nf6 4.d3 Bc5 5.c3 a6 6.O-O d6 7.a4 O-O 8.Re1 Ba7 9.h3 h6 10.Nbd2 Re8 11.b4 Be6 12.Bxe6 Rxe6 13.Nf1 Qd7 ( {There is also} 13...d5 14.Qc2 Qd7 15.Ra2 Rd8 16.b5 Ne7 17.exd5 Qxd5 18.Be3 Bxe3 19.Nxe3 Qc5 {as in Duda,J (2730)-Giri,A (2780) chess.com INT 2019} ) 14.Be3 Bxe3 15.Nxe3 d5 16.b5 $146 ( {In the predecessor White played this on the next move after} 16.Qc2 Rd8 17.b5 axb5 18.axb5 Ne7 19.c4 c6 20.bxc6 bxc6 21.Ra5 dxe4 22.dxe4 Ng6 {Kravtsiv,M (2641)-Parligras,M (2645) Hungary 2019} ) 16...Ne7 ( {Black obviously does not wish to improve the opponent's queen in the line} 16...axb5 $6 17.axb5 Rxa1 18.Qxa1 Ne7 19.c4 ) 17.c4 d4 {Closing the center seems like the better choice here for Black. He gains an important outpost for his knight on c5 from where it will have good access both to the d3 and a4 pawns.} ( {The other way to play the position} 17...dxe4 18.dxe4 Qxd1 19.Raxd1 axb5 20.axb5 c6 {leaves White somewhat better.} ( 20...Nxe4 $2 21.Nd5 $1 ) ) 18.Nf5 Re8 {Prepares the capture on f5.} 19.N3h4 ( {Also interesting was} 19.Nd2 $5 Nxf5 {with the idea} 20.exf5 R6e7 21.Qf3 ) 19...Ng6 $1 {Getting more breathing room for his pieces.} 20.g3 ( 20.Nxg6 {would be a mistake. After} 20...fxg6 {Black has clear play along the f-file after the maneuver Nf6-h5-f4.} ) 20...Nxh4 21.Nxh4 Qe7 {Now the queen looks towards the opposite wing.} 22.Qc1 ( 22.Nf5 Qb4 ) 22...Nd7 23.Qa3 Nc5 $5 {Aronian decided to keep the queens on the board.} ( {Black could have played also} 23...Qxa3 24.Rxa3 a5 {which should be about equal.} ) 24.f4 $6 {An obvious idea, but it has a hidden flaw.} ( {Both} 24.Nf5 Qf8 ) ( {And} 24.Red1 a5 {would not have promised White anything, but this option should have been preferred.} ) 24...exf4 25.Nf5 Qf8 26.gxf4 {Everything seems fine for Vachier-Lagrave. He is ready to transfer some major pieces along the g-file. However} 26...Rf6 $1 {The threat is g7-g6.} 27.Rf1 Rxf5 $3 {Brilliant! This move refutes White's idea. His kingside is left in ruins, the open e-file is in Aronian's hands from where he can bring his pieces quickly in striking distance from the white king. The knight is also close enough, whereas Vachier-Lagrave's queen is way too far.} 28.exf5 Re3 29.Rae1 ( {Nothing changes} 29.Rad1 Qe7 ) ( {nor} 29.Kg2 Rxd3 30.Qb4 Qe7 $1 {in both cases with a decisive atatck for Black.} ) 29...Qe7 ( {There was a nice alternative:} 29...Rxh3 30.Qa2 Nxd3 {continuing the attack with equal material.} ) 30.Rxe3 {Vachier-Lagrave came one step closer to the abyss.} ( {The computer suggests the spoiler} 30.f6 $1 {in order to slow the black queen a bit. Then} 30...gxf6 $1 ( {After} 30...Qe6 31.Qxc5 Rxe1 ( 31...Qxh3 32.Rxe3 dxe3 33.fxg7 Qg3+ {is only perpetual.} ) 32.Qxd4 Qe3+ ( {Or} 32...Rxf1+ 33.Kxf1 ) 33.Qxe3 Rxe3 34.Kf2 Rxd3 35.Rg1 {leads to an endgame which White should hold.} ) 31.Qb4 Qe6 32.Rxe3 Qxe3+ 33.Kh2 Nxd3 34.Qb3 {White manages to organize his forces a bit, but nevertheless should be close to lost, e.g after} 34...Qe2+ ) 30...Qxe3+ 31.Kh2 ( 31.Kg2 Nxd3 $1 {wins for Black.} ) 31...Qe2+ {Obvious, but not optimal.} ( {Had Aronian united his knight with the queen at once, the result would have been different! Black wins with:} 31...Ne4 $3 32.Qb2 ( {If} 32.f6 Qg3+ 33.Kh1 Qxh3+ 34.Kg1 Qg3+ 35.Kh1 Nd2 {followed by Nd2-f3 is the end.} ) 32...Qg3+ 33.Kh1 Qxh3+ 34.Kg1 Qe3+ $1 {To separate the king from the rook.} 35.Kg2 ( 35.Kh1 Qxd3 ) 35...Qg3+ 36.Kh1 Qxd3 37.Re1 Nd2 {Black is the one with the extra material now, whereas White still suffers to coordinate his pieces.} ) 32.Kg1 Nxd3 ( {It was not too late to switch to the winning line with} 32...Qe3+ $1 ) 33.bxa6 bxa6 34.Qb3 Qe3+ 35.Kh2 Qd2+ 36.Kg1 {Despite the missed win it is again Aronian who calls the shots. The queen and the knight are fearsome attacking couple and if a single pawn comes to help them Vachier-Lagrave's defense will collapse. Plus, Black can practically always force perpetual check. This false sense of invincibility perhaps played a decisive role in Aronian's subsequent play.} 36...Qe3+ ( {Better was} 36...Nxf4 $1 37.Qf3 Ne2+ 38.Kh1 Qc2 {with good winning chances.} ) 37.Kh2 h5 ( 37...Qd2+ {with a draw was there, but Aronian still pushes.} ) 38.Qd1 $1 h4 $4 {The dramatic blunder!} ( {Either} 38...Nf2 39.Qxh5 ) ( {or} 38...Nxf4 39.Qf3 Nd3 40.f6 Qxf3 41.Rxf3 Nb2 {would have likely ended the game in a draw when more games would determine the future winner.} ) 39.Rf3 $1 {Vachier-Lagrave trades the queens and wins the endgame! A complete turnaround.} 39...Nb2 40.Rxe3 Nxd1 41.Rd3 Nb2 42.Rxd4 c5 43.Rd5 Nxa4 44.Kg2 {Next the Frenchman demonstrates his impeccable technique.} 44...Kf8 45.Kf3 Ke7 46.Kg4 Nb6 47.Rxc5 Kd6 48.Ra5 Nxc4 49.Rxa6+ Ke7 50.Kxh4 Nd6 {And} 51.Rxd6 $1 {wraps up the game as the pawn endgame is lost.} 51...Kxd6 52.Kg5 Ke7 53.f6+ ( 53.f6+ {Nothing can save Black:} 53...gxf6+ ( 53...Kf8 54.fxg7+ Kxg7 55.Kf5 {and White will soon win the last black pawn due to the zugwang.} ) 54.Kf5 ) 1-0

[Event "E World Cup"]
[Site "Khanty Mansiysk"]
[Date "2019.09.27"]
[Round "47.2"]
[White "Radjabov, Teimour"]
[Black "Vachier Lagrave, Maxime"]
[Result "1-0"]
[WhiteElo "2758"]
[BlackElo "2774"]
[EventDate "2019.??.??"]
[Annotator "Bojkov,Dejan"]
[PlyCount "89"]
[Beauty "7357165767203"]
[EventType "schev"]
[EventRounds "3"]
[EventCountry "RUS"]

1.Nf3 Nf6 ( 1...c5 2.c4 {was the move order of So,W (2754)-Vachier Lagrave,M (2780) Abidjan 2019} ) 2.c4 c5 3.Nc3 d5 4.cxd5 Nxd5 5.e3 {Vachier-Lagrave has a lot of experience in this Anti-Gruenfeld.} 5...Nxc3 6.dxc3 ( {The more ambitious} 6.bxc3 g6 7.Bb5+ Bd7 8.Be2 Bg7 9.d4 O-O 10.O-O Qc7 11.e4 Bg4 12.Bg5 Rd8 13.Rc1 {has been seen in Artemiev,V (2757)-Fedoseev,V (2671) Izhevsk 2019} ) 6...Qc7 7.e4 e6 8.Bd3 $146 {A novelty, which should have been anticipated by the French GM.} ( {There are two earlier games of Vachier-Lagrave here:} 8.Be3 Be7 9.Nd2 ( {Their blitz game went} 9.Be2 O-O 10.O-O Bd7 11.Qd2 Bc6 12.Bf4 Qa5 13.Qc2 Qa4 {and eventually the American GM was victorious, So,W (2754) -Vachier Lagrave,M (2780) Abidjan 2019} ) 9...O-O 10.Qf3 Rd8 11.Qg3 Bd6 12.f4 b6 13.Qf2 Bf8 14.Be2 Ba6 15.O-O Bxe2 16.Qxe2 Nc6 17.f5 {this one was eventually drawn, So,W (2754)-Vachier Lagrave,M (2779) Stavanger 2019} ) 8...Be7 9.Qe2 {Now it is some sort of Alapin Sicilian, where Black should be careful about the possible kingside attacks as he is missing his knight on f6.} 9...Bd7 {Intending Bd7-c6 and Nb8-d7.} ( {Less precise is} 9...Nc6 10.e5 ) 10.O-O O-O $2 {A very careless move.} ( {After the correct} 10...Bc6 $1 11.e5 {Black needs not to enter the dangerous line} ( 11.Bc2 Nd7 {looks OK for Black.} ) 11...Bxf3 ( {But rather continue the development normally:} 11...Nd7 12.Be4 Bxe4 13.Qxe4 O-O {Without the light-squared bishops White's attack is not as frightening.} ) 12.Qxf3 Nc6 13.Qg3 Qxe5 14.Bf4 Qf6 15.Be4 {with good compensation for the pawn.} ) 11.e5 Bc6 {Apparently, the French GM realized what he had done and this move came after almost 12 minutes of reflection.} ( {A weakening move like} 11...g6 {would not be good for Black either.} ) 12.Ng5 $1 {Radjabov catches his chance.} 12...h6 ( 12...Bxg5 13.Bxg5 {is a solid, risk -free two-bishop advantage for White. The one on g5 will secure him the d-file, from where the rooks will be transferred along the third rank, and then Bg5-f6 will come. ..} ) 13.Bh7+ {An important intermediate check.} 13...Kh8 14.Bc2 {With the deadly threat of Qe2-d3!} ( 14.Bb1 $5 {might have been even more subtle, as Radjabov suggested afterward.} ) 14...c4 {The pawn attacks the d3 square, preventing Qd3 for now.} ( {With the king in the corner lines like} 14...Bxg5 15.Bxg5 hxg5 16.Qh5+ Kg8 17.Qh7# {are not recommendable.} ) ( {After} 14...g6 {White can already sacrifice a piece for an attack:} 15.Nxf7+ ( {However, stronger and simpler is} 15.Nh3 $1 Kg7 16.Nf4 Nd7 17.Re1 {with similar attack as in the game. At the moment the threat is Bc2xg6!} ) 15...Rxf7 16.Bxg6 Rg7 17.Qh5 {Although Black has way out here:} 17...Rxg6 $1 18.Qxg6 Qxe5 19.Qxh6+ {with an unclear position.} ) ( {White's main threat is revealed in the line} 14...Nd7 $2 15.Qd3 g6 16.Nxe6 $1 fxe6 17.Qxg6 ) 15.Re1 {Overprotecting the e5 pawn to set free the queen for a kingside assault.} 15...Qd8 {Black needs to fight the annoying knight. It is too close to his king!} ( {For example, the line} 15...Nd7 16.Qh5 Nxe5 ( {Black is also destroyed after} 16...Kg8 17.Nxe6 $1 fxe6 18.Bxh6 $1 Rf7 19.Bh7+ $1 Kxh7 20.Qxf7 Kxh6 21.Qxe7 {Followed by a rook lift and mate.} ) 17.Rxe5 $1 Qxe5 18.Nxf7+ {is not possible with the rook on e1.} ) 16.Nh3 ( {Also good was} 16.Ne4 Nd7 ( {Perhaps Radjabov was worried about} 16...Qd5 {But then there was} 17.Qh5 $1 {and if} 17...f5 18.Bxh6 $1 gxh6 19.Qxh6+ Kg8 20.Qg6+ Kh8 21.Re3 {wins for White.} ) 17.Bf4 {with a large advantage for the first player.} ) 16...Qd5 {Defending the c4 pawn with tempo.} ( {Instead:} 16...b5 {loses to the flashy} 17.Bxh6 $1 ( {Although a simple move like} 17.a4 $5 {should be also very good for White.} ) 17...gxh6 18.Qh5 Kg7 19.Rad1 Nd7 20.Rd4 {and Black cannot survive the attack.} ) 17.Nf4 Qc5 {It seems that Black finally got some air to complete the development. Alas...} 18.Bb1 $1 {The queen is once again ready for the battery.} 18...Bg5 ( {Otherwise the attack is devastating:} 18...Nd7 19.Qc2 g6 20.Be3 $1 ( {But not the impatient} 20.Nxg6+ $2 fxg6 21.Qxg6 $4 Qxf2+ 22.Kh1 Qxe1# ) 20...Qa5 21.Nxg6+ fxg6 22.Qxg6 {with mate to come.} ) 19.Nxe6 $1 {Wins a pawn.} ( {The computer points to an even better idea:} 19.b4 $1 {is a fine move, which intends to open even more diagonals for the white pieces. Then} 19...cxb3 20.Qd3 g6 21.axb3 {threatens Bc1-a3 and if} 21...Rd8 22.Nxg6+ $1 {once again crushes Black, e.g.} 22...fxg6 23.Qxg6 Qe7 24.Bxg5 hxg5 25.Qh6+ Kg8 26.Bh7+ Qxh7 27.Qxg5+ ) 19...fxe6 20.Bxg5 Qd5 ( {The king still suffers in the corner in case of the following puzzle-rush sequence:} 20...hxg5 21.Qh5+ Kg8 22.Bh7+ Kh8 23.Bg6+ Kg8 24.Qh7# ) 21.Qg4 Nd7 {Vachier-Lagrave decided that this gives him more practical chances.} ( {Instead, in the endgame} 21...Qxg2+ 22.Qxg2 Bxg2 {White has a pleasant choice between} 23.Bxh6 ( {and} 23.Kxg2 hxg5 24.Bg6 ) 23...gxh6 24.Kxg2 {with a solid extra pawn and a better minor piece White should be winning.} ) 22.Be4 Nxe5 23.Qh5 ( {Or:} 23.Qh3 Nf3+ 24.Bxf3 Qxg5 25.Bxc6 bxc6 26.Qxe6 {also with an extra pawn, but with the queens on the board.} ) 23...Qb5 ( {The rook endgame} 23...Nf3+ 24.Bxf3 Qxg5 25.Qxg5 hxg5 26.Bxc6 bxc6 27.Rxe6 {should be hopeless for Black. It is not only the extra pawn that matters, but the shattered pawn structure of the second player.} ) 24.Bxh6 Bxe4 25.Bf4+ Kg8 26.Qxe5 ( {But not} 26.Bxe5 Rf5 27.Qh4 Rxe5 28.Rxe4 Qxb2 ) 26...Bd5 $6 {Most likely the decision to keep the queens was made due to the coming timetrouble for White.} ( {In hindsight, Black should have tried his luck in the endgame:} 26...Qxe5 27.Bxe5 Bd5 28.Bd4 {Although then White should find a way to activate his rooks via the e-file as well.} ) 27.Re2 Rf5 28.Qe3 Qe8 29.f3 $1 {Radjabov demonstrates textbook technique. First he kills the enemy bishop...} 29...Qg6 30.h4 {...and then he creates a stable construction for his pieces...} ( 30.Bg3 $5 ) 30...Raf8 31.Bg5 a6 32.Rd1 {...and behind the stable construction he brings his major pieces out.} 32...Qe8 33.Rd4 Qc6 34.Rg4 Kh7 35.Bf4 $1 {The bishop gets to the ideal diagonal.} 35...R8f7 36.Be5 b5 37.Qf2 Qd7 38.Qg3 {The queen is also there to help the attack.} 38...Rh5 39.Bd4 Qc7 40.Re5 $1 {Finally one of the defenders is traded and that releases the h-pawn. This little bit of energy forces the collapse of the black position.} 40...Rhf5 ( {If} 40...Rxe5 41.Bxe5 Qb7 42.h5 {with the threats of h5-h6 followed by Rg4-g8-h8 mate, and Rg4-g6-h6 with mate!} ) 41.Rg5 Kg8 42.h5 Rxg5 43.Qxg5 Qe7 44.Qg4 Rf5 {A blunder but there was no adequate defense against h5-h6 anyway.} 45.Qxf5 1-0